Statistics for Cavs Records - Steals

Click here to take the quiz!

General Stats

  • This quiz has been taken 7 times
    (4 since last reset)
  • The average score is 4 of 10

Answer Stats

Rank No.StealsAnswer% Correct
9504Kyrie Irving
100%
11,376LeBron James
100%
2734Mark Price
100%
6587John "Hot Rod" Williams
75%
8529Anderson Varejao
25%
4661Craig Ehlo
0%
3722Foots Walker
0%
10474John Bagley
0%
7530Ron Harper
0%
5621Terrell Brandon
0%

Score Distribution

Percentile by Number Answered

Percent of People with Each Score

Your Score History

You have not taken this quiz since the last reset